000 00603nam a2200121Ia 4500
008 220620s9999||||xx |||||||||||||| ||und||
100 _aKral, Inge||G. Schwab, Robert
245 0 _aLearning Spaces: Youth, Literacy and New Media in Remote Indigenous Australia
546 _aEnglish[eng]
650 _alearning||communication technology||indigenous studies||Adolescence||Anthropology||Australia||Digital media||Ethnography||Literacy||Youth
856 _uhttps://library.oapen.org/bitstream/20.500.12657/33582/1/459851.pdf||https://library.oapen.org/bitstream/20.500.12657/33582/1/459851.pdf
942 _cEB
999 _c24202
_d24202